[Event "DEM U18 2024"]
[Site "Willingen GER"]
[Date "2024.05.22"]
[Round "5"]
[White "Passin, Connor"]
[Black "Hoffmann, Kay"]
[Result "1-0"]
[Termination "normal"]
[Board "12"]
[WhiteElo "1882"]
[BlackElo "2047"]
[WhiteClock "00:19:49"]
[BlackClock "00:39:31"]
[PlyCount "41"]
[WhiteFideId "16259459"]
[BlackFideId "16227000"]
[EventCountry "GER"]
[EventRounds "9"]
[EventType "swiss"]
[EventDate "2024.05.18"]

1. e4 {[%clk 01:30:58]} {[%emt 00:00:02]} e5 {[%clk 01:30:55]} {[%emt
00:00:06]} 2. Nf3 {[%clk 01:31:20]} {[%emt 00:00:07]} Nf6 {[%clk 01:31:16]}
{[%emt 00:00:08]} 3. Bc4 {[%clk 01:30:55]} {[%emt 00:00:55]} Nxe4 {[%clk
01:31:33]} {[%emt 00:00:13]} 4. Nc3 {[%clk 01:31:00]} {[%emt 00:00:26]} Nxc3
{[%clk 01:31:51]} {[%emt 00:00:12]} 5. dxc3 {[%clk 01:31:23]} {[%emt 00:00:06]}
c6 {[%clk 01:32:08]} {[%emt 00:00:14]} 6. Nxe5 {[%clk 01:30:58]} {[%emt
00:00:55]} d5 {[%clk 01:32:29]} {[%emt 00:00:09]} 7. O-O {[%clk 01:31:16]}
{[%emt 00:00:12]} Bd6 {[%clk 01:31:14]} {[%emt 00:01:45]} 8. Re1 {[%clk
01:11:27]} {[%emt 00:20:19]} O-O {[%clk 01:30:59]} {[%emt 00:00:45]} 9. Bd3
{[%clk 01:10:44]} {[%emt 00:01:13]} Qf6 {[%clk 01:25:17]} {[%emt 00:06:11]} 10.
Qh5 {[%clk 01:02:38]} {[%emt 00:08:37]} g6 {[%clk 01:07:29]} {[%emt 00:18:18]}
11. Ng4 {[%clk 00:56:35]} {[%emt 00:06:32]} Qg7 {[%clk 00:56:11]} {[%emt
00:11:48]} 12. Nh6+ {[%clk 00:34:47]} {[%emt 00:22:17]} Kh8 {[%clk 00:56:35]}
{[%emt 00:00:07]} 13. Qf3 {[%clk 00:32:31]} {[%emt 00:02:46]} f5 {[%clk
00:53:15]} {[%emt 00:03:50]} 14. Bg5 {[%clk 00:29:58]} {[%emt 00:03:03]} Nd7
{[%clk 00:51:38]} {[%emt 00:02:08]} 15. Qe3 {[%clk 00:25:27]} {[%emt 00:05:00]}
Ne5 {[%clk 00:47:37]} {[%emt 00:04:31]} 16. Bf4 {[%clk 00:23:20]} {[%emt
00:02:37]} Re8 {[%clk 00:44:21]} {[%emt 00:03:46]} 17. Qg3 {[%clk 00:19:26]}
{[%emt 00:04:24]} Bd7 {[%clk 00:40:06]} {[%emt 00:04:45]} 18. Rxe5 {[%clk
00:19:06]} {[%emt 00:00:51]} Bxe5 {[%clk 00:38:43]} {[%emt 00:01:53]} 19. Bxe5
{[%clk 00:19:26]} {[%emt 00:00:10]} Rxe5 {[%clk 00:39:07]} {[%emt 00:00:06]}
20. Qxe5 {[%clk 00:19:36]} {[%emt 00:00:20]} Re8 {[%clk 00:39:31]} {[%emt
00:00:06]} 21. Nf7+ {[%clk 00:19:49]} {[%emt 00:00:17]} 1-0

[Event "DEM U18 2024"]
[Site "Willingen GER"]
[Date "2024.05.22"]
[Round "5"]
[White "Fuhrmann, Bahne"]
[Black "Morczynski, Joachim"]
[Result "1-0"]
[Termination "normal"]
[Board "13"]
[WhiteElo "2159"]
[BlackElo "1980"]
[WhiteClock "00:03:31"]
[BlackClock "00:01:47"]
[PlyCount "105"]
[WhiteFideId "16244842"]
[BlackFideId "16209745"]
[EventCountry "GER"]
[EventRounds "9"]
[EventType "swiss"]
[EventDate "2024.05.18"]

1. e4 {[%clk 01:30:56]} {[%emt 00:00:02]} c5 {[%clk 01:30:55]} {[%emt
00:00:07]} 2. Nf3 {[%clk 01:31:21]} {[%emt 00:00:05]} Nc6 {[%clk 01:31:20]}
{[%emt 00:00:04]} 3. d4 {[%clk 01:31:47]} {[%emt 00:00:04]} cxd4 {[%clk
01:31:45]} {[%emt 00:00:05]} 4. Nxd4 {[%clk 01:32:13]} {[%emt 00:00:04]} Nf6
{[%clk 01:32:09]} {[%emt 00:00:07]} 5. Nc3 {[%clk 01:32:39]} {[%emt 00:00:04]}
e5 {[%clk 01:32:34]} {[%emt 00:00:04]} 6. Ndb5 {[%clk 01:33:06]} {[%emt
00:00:04]} d6 {[%clk 01:32:59]} {[%emt 00:00:06]} 7. Nd5 {[%clk 01:33:32]}
{[%emt 00:00:04]} Nxd5 {[%clk 01:33:23]} {[%emt 00:00:05]} 8. exd5 {[%clk
01:33:58]} {[%emt 00:00:04]} Nb8 {[%clk 01:33:34]} {[%emt 00:00:18]} 9. Qf3
{[%clk 01:34:22]} {[%emt 00:00:06]} a6 {[%clk 01:32:46]} {[%emt 00:01:19]} 10.
Qa3 {[%clk 01:34:42]} {[%emt 00:00:10]} Be7 {[%clk 01:32:40]} {[%emt 00:00:35]}
11. Bg5 {[%clk 01:34:54]} {[%emt 00:00:18]} f6 {[%clk 01:32:41]} {[%emt
00:00:29]} 12. Be3 {[%clk 01:33:37]} {[%emt 00:01:47]} O-O {[%clk 01:32:08]}
{[%emt 00:01:03]} 13. O-O-O {[%clk 01:34:00]} {[%emt 00:00:07]} b6 {[%clk
01:30:50]} {[%emt 00:01:49]} 14. Rg1 {[%clk 01:27:22]} {[%emt 00:07:07]} Bb7
{[%clk 01:28:58]} {[%emt 00:02:23]} 15. Nc3 {[%clk 01:27:40]} {[%emt 00:00:12]}
b5 {[%clk 01:24:41]} {[%emt 00:04:46]} 16. f4 {[%clk 01:12:22]} {[%emt
00:15:48]} Nd7 {[%clk 01:22:58]} {[%emt 00:02:14]} 17. f5 {[%clk 01:11:29]}
{[%emt 00:01:23]} Qc7 {[%clk 01:21:30]} {[%emt 00:01:57]} 18. g4 {[%clk
01:01:30]} {[%emt 00:10:29]} Nb6 {[%clk 01:20:04]} {[%emt 00:01:57]} 19. Bxb6
{[%clk 00:48:42]} {[%emt 00:13:18]} Qxb6 {[%clk 01:20:27]} {[%emt 00:00:07]}
20. Rg3 {[%clk 00:48:29]} {[%emt 00:00:43]} Rfc8 {[%clk 01:16:57]} {[%emt
00:03:59]} 21. Qb4 {[%clk 00:46:38]} {[%emt 00:02:21]} Qc5 {[%clk 01:16:05]}
{[%emt 00:01:22]} 22. Qb3 {[%clk 00:42:44]} {[%emt 00:04:25]} b4 {[%clk
01:11:58]} {[%emt 00:04:37]} 23. Ne4 {[%clk 00:38:48]} {[%emt 00:04:26]} Qb6
{[%clk 01:12:03]} {[%emt 00:00:25]} 24. h4 {[%clk 00:38:27]} {[%emt 00:00:51]}
a5 {[%clk 01:11:55]} {[%emt 00:00:38]} 25. a4 {[%clk 00:37:48]} {[%emt
00:01:09]} Ba6 {[%clk 01:03:44]} {[%emt 00:08:41]} 26. g5 {[%clk 00:35:42]}
{[%emt 00:02:36]} Kf7 {[%clk 01:03:05]} {[%emt 00:01:09]} 27. gxf6 {[%clk
00:28:57]} {[%emt 00:07:15]} Bxf6 {[%clk 00:59:40]} {[%emt 00:03:54]} 28. Qf3
{[%clk 00:25:39]} {[%emt 00:03:48]} Qd8 {[%clk 00:59:11]} {[%emt 00:01:00]} 29.
Qh5+ {[%clk 00:24:43]} {[%emt 00:01:26]} Kg8 {[%clk 00:59:31]} {[%emt
00:00:09]} 30. Bxa6 {[%clk 00:14:47]} {[%emt 00:10:26]} Rxa6 {[%clk 00:59:46]}
{[%emt 00:00:14]} 31. Rh1 {[%clk 00:14:46]} {[%emt 00:00:32]} Qf8 {[%clk
00:54:00]} {[%emt 00:06:17]} 32. Rhg1 {[%clk 00:12:27]} {[%emt 00:02:48]} Ra7
{[%clk 00:51:11]} {[%emt 00:03:19]} 33. b3 {[%clk 00:12:17]} {[%emt 00:00:40]}
Rac7 {[%clk 00:44:26]} {[%emt 00:07:15]} 34. R1g2 {[%clk 00:12:17]} {[%emt
00:00:31]} Rc5 {[%clk 00:37:47]} {[%emt 00:07:09]} 35. Nxc5 {[%clk 00:07:12]}
{[%emt 00:05:34]} Rxc5 {[%clk 00:37:38]} {[%emt 00:00:40]} 36. Qg4 {[%clk
00:06:20]} {[%emt 00:01:21]} Qf7 {[%clk 00:35:46]} {[%emt 00:02:22]} 37. Qe4
{[%clk 00:03:57]} {[%emt 00:02:54]} Qxd5 {[%clk 00:29:43]} {[%emt 00:06:32]}
38. Qxd5+ {[%clk 00:01:51]} {[%emt 00:02:37]} Rxd5 {[%clk 00:30:08]} {[%emt
00:00:04]} 39. Rd2 {[%clk 00:01:33]} {[%emt 00:00:48]} Rxd2 {[%clk 00:28:59]}
{[%emt 00:01:39]} 40. Kxd2 {[%clk 00:02:01]} {[%emt 00:00:03]} d5 {[%clk
00:00:52]} {[%emt 00:28:37]} 41. c4 {[%clk 00:17:32]} {[%emt 00:14:58]} dxc4
{[%clk 00:09:15]} {[%emt 00:22:07]} 42. bxc4 {[%clk 00:17:54]} {[%emt
00:00:09]} Bxh4 {[%clk 00:09:36]} {[%emt 00:00:08]} 43. Rd3 {[%clk 00:17:06]}
{[%emt 00:01:18]} Bg5+ {[%clk 00:09:57]} {[%emt 00:00:09]} 44. Ke2 {[%clk
00:16:00]} {[%emt 00:01:36]} Kf7 {[%clk 00:09:15]} {[%emt 00:01:11]} 45. Rd7+
{[%clk 00:11:46]} {[%emt 00:04:45]} Be7 {[%clk 00:07:57]} {[%emt 00:01:47]} 46.
c5 {[%clk 00:10:25]} {[%emt 00:01:52]} b3 {[%clk 00:08:15]} {[%emt 00:00:12]}
47. c6 {[%clk 00:06:14]} {[%emt 00:04:41]} b2 {[%clk 00:00:52]} {[%emt
00:07:53]} 48. Rb7 {[%clk 00:06:21]} {[%emt 00:00:23]} Kf6 {[%clk 00:00:40]}
{[%emt 00:00:43]} 49. c7 {[%clk 00:03:34]} {[%emt 00:03:16]} Bb4 {[%clk
00:01:04]} {[%emt 00:00:06]} 50. c8=Q {[%clk 00:04:00]} {[%emt 00:00:05]} b1=Q
{[%clk 00:01:20]} {[%emt 00:00:13]} 51. Qc6+ {[%clk 00:04:06]} {[%emt
00:00:24]} Kg5 {[%clk 00:01:38]} {[%emt 00:00:12]} 52. Rxg7+ {[%clk 00:04:05]}
{[%emt 00:00:31]} Kxf5 {[%clk 00:01:47]} {[%emt 00:00:21]} 53. Qd7+ {[%clk
00:03:31]} {[%emt 00:01:03]} 1-0

[Event "DEM U18 2024"]
[Site "Willingen GER"]
[Date "2024.05.22"]
[Round "5"]
[White "Abou Wally, Adrian"]
[Black "Storm, Max"]
[Result "1/2-1/2"]
[Termination "normal"]
[Board "14"]
[WhiteElo "1917"]
[BlackElo "1903"]
[WhiteClock "00:04:50"]
[BlackClock "00:02:27"]
[PlyCount "147"]
[WhiteFideId "16245113"]
[BlackFideId "34625658"]
[EventCountry "GER"]
[EventRounds "9"]
[EventType "swiss"]
[EventDate "2024.05.18"]

1. e4 {[%clk 01:30:59]} c5 {[%clk 01:30:55]} {[%emt 00:00:05]} 2. Nc3 {[%clk
01:31:23]} {[%emt 00:00:06]} Nc6 {[%clk 01:31:19]} {[%emt 00:00:07]} 3. Bb5
{[%clk 01:31:50]} {[%emt 00:00:03]} Nd4 {[%clk 01:31:44]} {[%emt 00:00:05]} 4.
a4 {[%clk 01:32:16]} {[%emt 00:00:04]} a6 {[%clk 01:32:07]} {[%emt 00:00:07]}
5. Bc4 {[%clk 01:32:42]} {[%emt 00:00:04]} e6 {[%clk 01:32:31]} {[%emt
00:00:06]} 6. Nge2 {[%clk 01:33:05]} {[%emt 00:00:08]} Nf6 {[%clk 01:32:34]}
{[%emt 00:00:26]} 7. d3 {[%clk 01:33:30]} {[%emt 00:00:05]} Nc6 {[%clk
01:32:29]} {[%emt 00:00:34]} 8. O-O {[%clk 01:33:06]} {[%emt 00:00:54]} d5
{[%clk 01:17:35]} {[%emt 00:15:24]} 9. exd5 {[%clk 01:33:29]} {[%emt 00:00:08]}
exd5 {[%clk 01:17:58]} {[%emt 00:00:06]} 10. Ba2 {[%clk 01:31:50]} {[%emt
00:02:09]} Be7 {[%clk 01:09:14]} {[%emt 00:09:14]} 11. Nf4 {[%clk 01:20:04]}
{[%emt 00:12:16]} Nb4 {[%clk 01:06:43]} {[%emt 00:03:01]} 12. Bb3 {[%clk
01:18:43]} {[%emt 00:01:52]} O-O {[%clk 01:05:08]} {[%emt 00:02:04]} 13. Re1
{[%clk 01:16:35]} {[%emt 00:02:38]} Bd6 {[%clk 01:01:18]} {[%emt 00:04:20]} 14.
h3 {[%clk 01:13:50]} {[%emt 00:03:15]} Bxf4 {[%clk 00:59:15]} {[%emt 00:02:33]}
15. Bxf4 {[%clk 01:14:14]} {[%emt 00:00:06]} Be6 {[%clk 00:59:08]} {[%emt
00:00:36]} 16. Rc1 {[%clk 00:43:42]} {[%emt 00:31:03]} Nd7 {[%clk 00:45:21]}
{[%emt 00:14:17]} 17. Bd6 {[%clk 00:39:55]} {[%emt 00:04:17]} Re8 {[%clk
00:45:46]} {[%emt 00:00:06]} 18. Qf3 {[%clk 00:39:10]} {[%emt 00:01:14]} Qb6
{[%clk 00:44:57]} {[%emt 00:01:18]} 19. Bg3 {[%clk 00:31:14]} {[%emt 00:08:27]}
c4 {[%clk 00:36:36]} {[%emt 00:08:51]} 20. dxc4 {[%clk 00:26:01]} {[%emt
00:05:44]} dxc4 {[%clk 00:36:43]} {[%emt 00:00:22]} 21. Ba2 {[%clk 00:25:56]}
{[%emt 00:00:36]} Nxa2 {[%clk 00:33:39]} {[%emt 00:03:34]} 22. Nxa2 {[%clk
00:26:21]} {[%emt 00:00:05]} Qxb2 {[%clk 00:33:02]} {[%emt 00:01:06]} 23. Nc3
{[%clk 00:25:03]} {[%emt 00:01:48]} b6 {[%clk 00:26:11]} {[%emt 00:07:21]} 24.
Nd5 {[%clk 00:22:26]} {[%emt 00:03:07]} Bxd5 25. Qxd5 {[%clk 00:22:54]} Nf6
{[%clk 00:19:09]} {[%emt 00:01:35]} 26. Qxc4 {[%clk 00:17:15]} {[%emt
00:06:10]} b5 {[%clk 00:18:22]} {[%emt 00:01:17]} 27. axb5 {[%clk 00:15:37]}
{[%emt 00:02:08]} axb5 {[%clk 00:18:39]} {[%emt 00:00:14]} 28. Qc6 {[%clk
00:14:47]} {[%emt 00:01:19]} Rac8 {[%clk 00:16:16]} {[%emt 00:02:53]} 29. Rxe8+
{[%clk 00:12:10]} {[%emt 00:03:08]} Rxe8 {[%clk 00:16:37]} {[%emt 00:00:07]}
30. Rd1 {[%clk 00:12:19]} {[%emt 00:00:22]} h6 {[%clk 00:15:49]} {[%emt
00:01:17]} 31. Bh4 {[%clk 00:10:29]} {[%emt 00:02:20]} Re6 {[%clk 00:13:49]}
{[%emt 00:02:30]} 32. Rd8+ {[%clk 00:05:15]} {[%emt 00:05:44]} Kh7 {[%clk
00:14:09]} {[%emt 00:00:10]} 33. Qc7 {[%clk 00:03:57]} {[%emt 00:01:49]} Re1+
{[%clk 00:07:09]} {[%emt 00:07:30]} 34. Kh2 {[%clk 00:04:21]} {[%emt 00:00:06]}
Qa1 {[%clk 00:05:11]} {[%emt 00:02:27]} 35. Bxf6 {[%clk 00:01:59]} {[%emt
00:02:53]} Qxf6 {[%clk 00:05:17]} {[%emt 00:00:24]} 36. Rd7 {[%clk 00:01:41]}
{[%emt 00:00:48]} Qxf2 {[%clk 00:03:31]} {[%emt 00:02:16]} 37. Rxf7 {[%clk
00:01:51]} {[%emt 00:00:21]} Qg1+ {[%clk 00:03:55]} {[%emt 00:00:05]} 38. Kg3
{[%clk 00:02:04]} {[%emt 00:00:17]} Re3+ {[%clk 00:02:41]} {[%emt 00:01:43]}
39. Rf3 {[%clk 00:01:26]} {[%emt 00:01:09]} Qe1+ {[%clk 00:02:43]} {[%emt
00:00:26]} 40. Kh2 {[%clk 00:00:40]} {[%emt 00:01:18]} Rxf3 {[%clk 00:02:35]}
{[%emt 00:00:38]} 41. gxf3 {[%clk 00:01:05]} {[%emt 00:00:05]} Qf2+ {[%clk
00:02:35]} {[%emt 00:00:30]} 42. Kh1 {[%clk 00:01:29]} {[%emt 00:00:07]} Qxf3+
{[%clk 00:02:59]} {[%emt 00:00:06]} 43. Kh2 {[%clk 00:01:50]} {[%emt 00:00:08]}
Qe2+ {[%clk 00:26:43]} {[%emt 00:06:45]} 44. Kg1 {[%clk 00:27:37]} {[%emt
00:04:43]} Qc4 {[%clk 00:25:45]} {[%emt 00:01:28]} 45. Qb7 {[%clk 00:20:40]}
{[%emt 00:07:28]} b4 {[%clk 00:21:53]} {[%emt 00:04:21]} 46. Kh1 {[%clk
00:19:10]} {[%emt 00:02:01]} Qf1+ {[%clk 00:17:02]} {[%emt 00:05:20]} 47. Kh2
{[%clk 00:19:34]} {[%emt 00:00:07]} Qf4+ {[%clk 00:17:25]} {[%emt 00:00:06]}
48. Kg2 {[%clk 00:19:27]} {[%emt 00:00:38]} Qg5+ {[%emt 00:05:37]} 49. Kh2
{[%clk 00:15:14]} {[%emt 00:00:28]} Qf4+ {[%clk 00:14:52]} {[%emt 00:02:10]}
50. Kg2 {[%clk 00:15:42]} {[%emt 00:00:02]} Qd2+ {[%clk 00:14:54]} {[%emt
00:00:28]} 51. Kg3 {[%clk 00:14:54]} {[%emt 00:01:11]} Qc3+ {[%clk 00:14:40]}
{[%emt 00:00:51]} 52. Kg4 {[%clk 00:13:37]} {[%emt 00:01:47]} Qxc2 {[%clk
00:06:38]} {[%emt 00:08:33]} 53. Qxb4 {[%clk 00:14:06]} Qg2+ {[%clk 00:06:53]}
{[%emt 00:00:14]} 54. Kf4 {[%clk 00:14:29]} {[%emt 00:00:06]} g5+ {[%clk
00:05:42]} {[%emt 00:01:42]} 55. Ke5 {[%clk 00:14:49]} {[%emt 00:00:11]} Qg3+
{[%clk 00:05:16]} {[%emt 00:00:54]} 56. Kd5 {[%clk 00:14:16]} {[%emt 00:01:04]}
Qf3+ {[%clk 00:02:52]} {[%emt 00:02:55]} 57. Ke5 {[%clk 00:12:06]} {[%emt
00:02:40]} Qe3+ {[%clk 00:02:54]} {[%emt 00:00:28]} 58. Kd5 {[%clk 00:12:02]}
{[%emt 00:00:31]} Kg6 {[%clk 00:01:51]} {[%emt 00:01:36]} 59. Qb1+ {[%clk
00:10:33]} {[%emt 00:01:59]} Kh5 {[%clk 00:01:56]} {[%emt 00:00:24]} 60. Qd1
{[%clk 00:10:53]} {[%emt 00:00:10]} Kg6 {[%clk 00:01:57]} {[%emt 00:00:28]} 61.
Qb1+ {[%clk 00:11:20]} {[%emt 00:00:05]} Kf6 {[%clk 00:01:30]} {[%emt
00:00:56]} 62. Qf1+ {[%clk 00:10:51]} {[%emt 00:01:00]} Ke7 {[%clk 00:01:49]}
{[%emt 00:00:09]} 63. Qf5 {[%clk 00:05:52]} {[%emt 00:05:30]} Qd2+ {[%clk
00:02:07]} {[%emt 00:00:12]} 64. Ke4 {[%clk 00:06:02]} {[%emt 00:00:20]} Qc2+
{[%clk 00:01:21]} {[%emt 00:01:15]} 65. Ke5 {[%clk 00:06:17]} {[%emt 00:00:16]}
Qc7+ {[%clk 00:01:29]} {[%emt 00:00:23]} 66. Ke4 {[%clk 00:03:48]} {[%emt
00:02:57]} Qc6+ {[%clk 00:01:49]} {[%emt 00:00:11]} 67. Ke5 {[%clk 00:03:15]}
{[%emt 00:01:02]} Qd6+ {[%clk 00:02:01]} {[%emt 00:00:19]} 68. Ke4 {[%clk
00:03:41]} {[%emt 00:00:04]} Qe6+ {[%clk 00:02:29]} {[%emt 00:00:03]} 69. Qxe6+
{[%clk 00:04:04]} {[%emt 00:00:07]} Kxe6 {[%clk 00:02:54]} {[%emt 00:00:05]}
70. Kf3 {[%clk 00:04:28]} {[%emt 00:00:05]} Kf5 {[%clk 00:01:56]} {[%emt
00:01:29]} 71. Ke3 {[%clk 00:03:58]} {[%emt 00:00:59]} h5 {[%clk 00:01:55]}
{[%emt 00:00:31]} 72. Kf3 {[%clk 00:04:24]} {[%emt 00:00:05]} Ke5 {[%clk
00:02:12]} {[%emt 00:00:12]} 73. Ke3 {[%clk 00:04:31]} {[%emt 00:00:24]} Kd5
{[%clk 00:02:27]} {[%emt 00:00:13]} 74. Kd3 {[%clk 00:04:50] 1/2-1/2

[Event "DEM U18 2024"]
[Site "Willingen GER"]
[Date "2024.05.22"]
[Round "5"]
[White "Scharf, Christian"]
[Black "Foksha, Mischa"]
[Result "0-1"]
[Termination "normal"]
[Board "15"]
[WhiteElo "1819"]
[BlackElo "2022"]
[WhiteClock "00:19:39"]
[BlackClock "00:41:59"]
[PlyCount "106"]
[WhiteFideId "16266110"]
[BlackFideId "16253400"]
[EventCountry "GER"]
[EventRounds "9"]
[EventType "swiss"]
[EventDate "2024.05.18"]

1. e4 {[%clk 01:30:56]} {[%emt 00:00:01]} c5 {[%clk 01:30:55]} {[%emt
00:00:06]} 2. Nf3 {[%clk 01:31:20]} {[%emt 00:00:06]} d6 {[%clk 01:31:22]}
{[%emt 00:00:04]} 3. d4 {[%clk 01:31:43]} {[%emt 00:00:07]} cxd4 {[%clk
01:31:48]} {[%emt 00:00:04]} 4. Nxd4 {[%clk 01:32:07]} {[%emt 00:00:06]} Nf6
{[%clk 01:32:14]} {[%emt 00:00:04]} 5. Nc3 {[%clk 01:32:29]} {[%emt 00:00:08]}
a6 {[%clk 01:32:41]} {[%emt 00:00:04]} 6. Bg5 {[%clk 01:32:26]} {[%emt
00:00:31]} e6 {[%clk 01:33:05]} {[%emt 00:00:07]} 7. f4 {[%clk 01:32:46]}
{[%emt 00:00:09]} h6 {[%clk 01:33:30]} {[%emt 00:00:06]} 8. Bh4 {[%clk
01:33:02]} {[%emt 00:00:14]} Qb6 {[%clk 01:33:50]} {[%emt 00:00:10]} 9. Nb3
{[%clk 01:32:27]} {[%emt 00:01:05]} Qe3+ {[%clk 01:34:05]} {[%emt 00:00:15]}
10. Qe2 {[%clk 01:18:59]} {[%emt 00:13:57]} Qxf4 {[%clk 01:34:17]} {[%emt
00:00:18]} 11. Bg3 {[%clk 01:16:22]} {[%emt 00:03:08]} Qg4 {[%clk 01:25:08]}
{[%emt 00:09:39]} 12. O-O-O {[%clk 01:04:45]} {[%emt 00:12:06]} Qxe2 {[%clk
01:24:08]} {[%emt 00:01:31]} 13. Bxe2 {[%clk 01:05:04]} {[%emt 00:00:10]} e5
{[%clk 01:24:14]} {[%emt 00:00:25]} 14. Na5 {[%clk 00:48:31]} {[%emt 00:17:03]}
Nc6 {[%clk 01:20:20]} {[%emt 00:04:25]} 15. Nc4 {[%clk 00:48:25]} {[%emt
00:00:34]} Nd4 {[%clk 01:20:45]} {[%emt 00:00:06]} 16. Bd3 {[%clk 00:38:29]}
{[%emt 00:10:26]} Bg4 {[%clk 01:18:45]} {[%emt 00:02:30]} 17. Rd2 {[%clk
00:38:33]} {[%emt 00:00:26]} Be7 {[%clk 01:15:14]} {[%emt 00:04:01]} 18. Bf2
{[%clk 00:34:30]} {[%emt 00:04:33]} O-O {[%clk 01:08:19]} {[%emt 00:07:25]} 19.
Bxd4 {[%clk 00:31:32]} {[%emt 00:03:28]} exd4 {[%clk 01:08:43]} {[%emt
00:00:05]} 20. Ne2 {[%clk 00:31:26]} {[%emt 00:00:37]} d5 {[%clk 01:05:49]}
{[%emt 00:03:24]} 21. exd5 {[%clk 00:25:06]} {[%emt 00:06:50]} Nxd5 {[%clk
01:05:22]} {[%emt 00:00:57]} 22. h3 {[%clk 00:23:48]} {[%emt 00:01:47]} Bxe2
{[%clk 01:03:16]} {[%emt 00:02:37]} 23. Rxe2 {[%clk 00:24:12]} {[%emt
00:00:06]} Bg5+ {[%clk 01:03:38]} {[%emt 00:00:08]} 24. Kb1 {[%clk 00:24:23]}
{[%emt 00:00:19]} Rad8 {[%clk 00:59:36]} {[%emt 00:04:31]} 25. Rd1 {[%clk
00:19:25]} {[%emt 00:05:29]} g6 {[%clk 00:53:58]} {[%emt 00:06:08]} 26. Be4
{[%clk 00:13:59]} {[%emt 00:05:55]} Ne3 {[%clk 00:53:52]} {[%emt 00:00:37]} 27.
Nxe3 {[%clk 00:14:24]} {[%emt 00:00:06]} dxe3 {[%clk 00:54:18]} {[%emt
00:00:03]} 28. Rxd8 {[%clk 00:14:04]} {[%emt 00:00:50]} Rxd8 {[%clk 00:54:43]}
{[%emt 00:00:05]} 29. c4 {[%clk 00:13:50]} {[%emt 00:00:44]} Rd7 {[%clk
00:53:18]} {[%emt 00:01:56]} 30. b4 {[%clk 00:12:56]} {[%emt 00:01:23]} f5
{[%clk 00:51:39]} {[%emt 00:02:09]} 31. Bf3 {[%clk 00:12:56]} {[%emt 00:00:30]}
Kf7 {[%clk 00:51:14]} {[%emt 00:00:55]} 32. a4 {[%clk 00:12:08]} {[%emt
00:01:18]} Ke6 {[%clk 00:49:55]} {[%emt 00:01:49]} 33. Kc2 {[%clk 00:12:07]}
{[%emt 00:00:31]} Ke5 {[%clk 00:50:03]} {[%emt 00:00:22]} 34. Kc3 {[%clk
00:10:56]} {[%emt 00:01:40]} Bf6 {[%clk 00:43:23]} {[%emt 00:07:10]} 35. Bd5
{[%clk 00:10:56]} {[%emt 00:00:31]} f4 {[%clk 00:43:42]} {[%emt 00:00:11]} 36.
b5 {[%clk 00:10:13]} {[%emt 00:01:13]} Kd6+ {[%clk 00:29:04]} {[%emt 00:15:08]}
37. Kb4 {[%clk 00:09:32]} {[%emt 00:01:11]} a5+ {[%clk 00:27:19]} {[%emt
00:02:14]} 38. Kb3 {[%clk 00:07:45]} {[%emt 00:02:18]} Kc5 {[%clk 00:27:44]}
{[%emt 00:00:05]} 39. g3 {[%clk 00:02:28]} {[%emt 00:05:47]} Kd4 {[%clk
00:14:48]} {[%emt 00:13:26]} 40. gxf4 {[%clk 00:01:21]} {[%emt 00:01:36]} Kd3
{[%clk 00:15:11]} {[%emt 00:00:07]} 41. Bf3 {[%clk 00:30:17]} {[%emt 00:01:34]}
Rd4 {[%clk 00:45:24]} {[%emt 00:00:18]} 42. Re1 {[%clk 00:28:06]} {[%emt
00:02:40]} e2 {[%clk 00:44:14]} {[%emt 00:01:41]} 43. Bxe2 {[%clk 00:25:38]}
{[%emt 00:02:58]} Kd2 {[%clk 00:44:39]} {[%emt 00:00:05]} 44. Rg1 {[%clk
00:23:13]} {[%emt 00:02:55]} Kxe2 {[%clk 00:45:01]} {[%emt 00:00:08]} 45. Rxg6
{[%clk 00:23:10]} {[%emt 00:00:33]} Rxf4 {[%clk 00:45:10]} {[%emt 00:00:20]}
46. Rxh6 {[%clk 00:23:23]} {[%emt 00:00:18]} Kd2 {[%clk 00:43:21]} {[%emt
00:02:20]} 47. Rg6 {[%clk 00:21:31]} {[%emt 00:02:21]} Rf3+ {[%clk 00:42:33]}
{[%emt 00:01:17]} 48. Ka2 {[%clk 00:21:53]} {[%emt 00:00:08]} b6 {[%clk
00:41:01]} {[%emt 00:02:03]} 49. h4 {[%clk 00:21:03]} {[%emt 00:01:20]} Kc3
{[%clk 00:41:21]} {[%emt 00:00:10]} 50. h5 {[%clk 00:20:23]} {[%emt 00:01:09]}
Kxc4 {[%clk 00:41:19]} {[%emt 00:00:33]} 51. h6 {[%clk 00:20:34]} {[%emt
00:00:19]} Bd4 {[%clk 00:41:23]} {[%emt 00:00:25]} 52. h7 {[%clk 00:19:39]}
{[%emt 00:01:25]} Rf1 {[%clk 00:41:35]} {[%emt 00:00:18]} 53. Rc6+ {[%clk
00:19:39]} {[%emt 00:00:30]} Kb4 {[%clk 00:41:59]} {[%emt 00:00:07]} 0-1